The Chinese experience / (Record no. 591577)

000 -LEADER
fixed length control field 00815nam a2200265 i 4500
001 - CONTROL NUMBER
control field 3233794
005 - DATE AND TIME OF LATEST TRANSACTION
control field 20221010093519.0
008 - FIXED-LENGTH DATA ELEMENTS--GENERAL INFORMATION
fixed length control field 790813s1978 enkabcf 001 0 eng
010 ## - LIBRARY OF CONGRESS CONTROL NUMBER
LC control number 79314486
015 ## - NATIONAL BIBLIOGRAPHY NUMBER
National bibliography number GB78-36519
020 ## - INTERNATIONAL STANDARD BOOK NUMBER
International Standard Book Number 0297774034 :
Terms of availability £12.50.
040 ## - CATALOGING SOURCE
Original cataloging agency DLC
Transcribing agency DLC
Modifying agency DLC
043 ## - GEOGRAPHIC AREA CODE
Geographic area code a-cc---
050 00 - LIBRARY OF CONGRESS CALL NUMBER
Classification number DS721
Item number .D358
082 00 - DEWEY DECIMAL CLASSIFICATION NUMBER
Classification number 951
Author Mark DAW
100 1# - MAIN ENTRY--PERSONAL NAME
Personal name Dawson, Raymond Stanley.
9 (RLIN) 99561
245 14 - TITLE STATEMENT
Title The Chinese experience /
Statement of responsibility, etc. [by] Raymond Dawson.
260 ## - PUBLICATION, DISTRIBUTION, ETC.
Place of publication, distribution, etc. London :
Name of publisher, distributor, etc. Weidenfeld and Nicolson,
Date of publication, distribution, etc. 2005.
300 ## - PHYSICAL DESCRIPTION
Extent xxv, 318 p., [24] p. of plates :
Other physical details ill., facsim., map, ports. ;
Dimensions 25 cm.
490 0# - SERIES STATEMENT
Series statement History of civilisation
500 ## - GENERAL NOTE
General note Includes index.
651 #0 - SUBJECT ADDED ENTRY--GEOGRAPHIC NAME
Geographic name China
General subdivision Civilization.
9 (RLIN) 12672
906 ## - LOCAL DATA ELEMENT F, LDF (RLIN)
a 7
b cbc
c orignew
d 4
e ncip
f 19
g y-gencatlg
942 ## - ADDED ENTRY ELEMENTS (KOHA)
Source of classification or shelving scheme
Koha item type Book
Holdings
Withdrawn status Lost status Source of classification or shelving scheme Damaged status Not for loan Permanent Location Current Location Shelving location Date acquired Source of acquisition Total Checkouts Full call number Barcode Date last seen Date last checked out Price effective from Koha item type
          Central Library (CL) Central Library (CL) Chinese Studies 10/10/2022 Donated by China Embassy 1 951 DAW CL-D-1958 12/06/2023 10/24/2023 10/10/2022 Book
© 2023 Central Library, National University of Sciences and Technology. All Rights Reserved.